000
00298nam a2200109Ia 4500
008
230907s9999||||xx |||||||||||||| ||und||
082
_a
363.70561,STR
245
0
_a
Strategies towards the new sustainability paradigm:
260
_a
Springer
_b
New York
_c
2015
300
_a
xxvi, 197 p.;
942
_c
BK
999
_c
597567
_d
597567